Činnosti líniových manažérov v systéme organizácie práce diplomová práca

Na minha lista:
Detalhes bibliográficos
Autor principal: Centárová, Jana
Autor Corporativo: Fakulta podnikového manažmentu EU. Katedra manažmentu
Outros Autores: Nachtmannová, Oľga, 1963-
Formato: Livro
Idioma:eslovaco
Publicado em: Bratislava 2018
Tags: Adicionar Tag
Sem tags, seja o primeiro a adicionar uma tag!

MARC

LEADER 00000nbm a2200000 4500
001 0244863
005 20180920130150.7
041 0 |a slo 
044 |a SK 
245 1 0 |a Činnosti líniových manažérov v systéme organizácie práce  |b diplomová práca  |c Jana Centárová ; školiteľ: Oľga Nachtmannová 
264 1 |a Bratislava  |c 2018 
300 |a 74 s. 
100 1 |a Centárová, Jana 
700 1 |a Nachtmannová, Oľga, 1963- 
710 2 |a Fakulta podnikového manažmentu EU. Katedra manažmentu